Indepth model life tables for Sub-Saharan Africa (Record no. 76468)

MARC details
000 -LEADER
fixed length control field 00966nam a2200229 a 4500
008 - FIXED-LENGTH DATA ELEMENTS--GENERAL INFORMATION
fixed length control field 120416s2004 ||||||||||||||||| || u
020 ## - INTERNATIONAL STANDARD BOOK NUMBER
International Standard Book Number 0754640043
020 ## - INTERNATIONAL STANDARD BOOK NUMBER
International Standard Book Number 0754640043
050 ## - LIBRARY OF CONGRESS CALL NUMBER
Classification number HB 1491.A3 Ind
110 ## - MAIN ENTRY--CORPORATE NAME
Corporate name or jurisdiction name as entry element INDEPTH Network
245 10 - TITLE STATEMENT
Title Indepth model life tables for Sub-Saharan Africa
260 ## - PUBLICATION, DISTRIBUTION, ETC.
Place of publication, distribution, etc. England:
Name of publisher, distributor, etc. Ashgate
Date of publication, distribution, etc. 2004
300 ## - PHYSICAL DESCRIPTION
Extent xii, 36 pages : illustrations
350 ## -
-- 0.00
500 ## - GENERAL NOTE
General note Chiefly tables. -Includes bibliographical references (p. 35-36).
650 ## - SUBJECT ADDED ENTRY--TOPICAL TERM
Topical term or geographic name entry element AFRICA, SUB-SAHARAN--SOCIAL LIFE AND CUSTOMS
650 ## - SUBJECT ADDED ENTRY--TOPICAL TERM
Topical term or geographic name entry element LIFE
650 ## - SUBJECT ADDED ENTRY--TOPICAL TERM
Topical term or geographic name entry element MORTALITY--TABLES
650 ## - SUBJECT ADDED ENTRY--TOPICAL TERM
Topical term or geographic name entry element MORTALITY--AFRICA--TABLES
995 ## -
-- ANNEX COLLECTION (Main Library)
-- 0.00
-- 737295
-- CBU-MAIN LIBRARY (Kitwe)
-- 2
-- 30.00
-- HB 1491.A3 Ind
-- 2
-- AVAILABLE
-- 042037
-- Annex Low-Usage Collection
995 ## -
-- ANNEX COLLECTION (Main Library)
-- 0.00
-- 737294
-- CBU-MAIN LIBRARY (Kitwe)
-- 1
-- 30.00
-- HB 1491.A3 Ind
-- 1
-- AVAILABLE
-- 042040
-- Annex Low-Usage Collection
999 ## -
-- 76468
-- 76468
Holdings
Withdrawn status Lost status Source of classification or shelving scheme Damaged status Not for loan Permanent Location Current Location Shelving location Date acquired Total Checkouts Full call number Barcode Date last seen Copy number Price effective from Koha item type
          CBU-MAIN LIBRARY, KITWE. CBU-MAIN LIBRARY, KITWE.   04/25/2023   HB 1491.A3 Ind 042037 04/25/2023 1 04/25/2023 MONOGRAPH
          CBU-MAIN LIBRARY, KITWE. CBU-MAIN LIBRARY, KITWE.   04/25/2023   HB 1491.A3 Ind 042040 04/25/2023 2 04/25/2023 MONOGRAPH